• 首页
  • 本馆介绍
  • 公告通知
  • 最新文献
  • 馆藏检索
  • 电子资源
  • 读者导购
  • 参考咨询
  • 我的图书馆
  • 登录
  • 详细信息显示
  • 放入我的书架
  • 预约/预借图书
  • 作者相关作品
  • 分类相关作品
  • 丛书相关作品
  • 出版社相关作品

书目信息

  • 表格格式
  • 工作单格式
  • 卡片格式
书名: 50 simple things you can do to save the earth
作者: the Earth Works Group.
分册号:
分册名:
出版地: Berkeley, CA :
 
出版社: Earthworks Press
出版时间: c1989.
页数: 96 p. ;
开本: 21 cm.
丛书名:
中图分类号:
科图分类号:
其他分类号: N49
主题词:
电子资源:
000 01012nam a2200289 a 450
001 E0730854624
005 20070322083856.39
008 910813s1989 cau 000 0 eng
010    @a91182358
020    @a0929634063 :@cUSD4.95.
035    @A(DLC) 91182358
040    @aDLC@cDLC
050 00 @aTD171.7@b.A158 1989
082 00 @a363.7/0525@2 20
090    @aN49
099    @dN49@ex19
245 00 @a50 simple things you can do to save the earth / @cthe Earth Works Group.
250    @a1st ed.
260    @aBerkeley, CA :@bEarthworks Press,@cc1989.
300    @a96 p. ;@c21 cm.
650  0 @aEnvironmental protection@xCitizen participation.
710 2  @aEarth Works Group (U.S.)
740 0  @aFifty simple things you can do to save the earth.
906    @a7@bcbc@corignew@d2@encip@f19@gy-gencatlg
922    @aco
955    @aby21 08-13-91; bw58 to br00 08-15-91; br02 to SCD 08-28-91; fg10 08-29-91; fg13 09-10-91; fl46 09-30-91
991    @bc-GenColl@hTD171.7@i.A158 1989@p00020011683@tCopy 1@wBOOKS
    
    50 simple things you can do to save the earth / / the Earth Works Group.-1st ed.-Berkeley, CA : : Earthworks Press, , c1989.
    96 p. ; ; 21 cm.
    
    
    ISBN 0929634063 :USD4.95.
    
●
相关链接 在E读中查询图书 在五车中查询图书 在当当中查询图书 在豆瓣中查询图书


正题名:50 simple things you can do to save the earth     索取号:N49/x19         预约/预借

序号 登录号 条形码 馆藏地/架位号 状态 备注
1 0003493   300034932   第二样本阅览室/ [索取号:N49/x19] 在馆    
唐山师范学院图书馆 欢迎您!
大连网信软件有限公司© 版权所有